000 00380cam a2200169 4500
001 D13095
008 090401t1934 xxu||||| |||| 00| 0 eng d
035 _a(Sirsi) u7736
041 _aeng
100 _aJameson, Alex H
245 _aAdvanced surveying
260 _aLondon
_bSir Isaac Pitman
_c1934
350 _a0
520 _aShelf 183
942 _n0
948 _c04/03/1997
999 _c86437
_d86437